| 000 | 00440nam a2200145 a 4500 | ||
|---|---|---|---|
| 001 | 000031488 | ||
| 005 | 20200930062950.0 | ||
| 008 | 110627s1980 dr 000 0 spa d | ||
| 040 |
_aDO-SdBNP _bspa _cBNPHU |
||
| 082 |
_axxxx _bR426 |
||
| 245 | 0 | 0 |
_aRepública Dominicana : _bcapitalismo dependiente y alternativas políticas. |
| 260 |
_a[Santo Domingo] : _bEdiciones Socialistas, _c[1980]. |
||
| 300 |
_aix, 183 p. ; _c21 cm. |
||
| 049 | _aBNPD | ||
| 999 |
_c30980 _d30980 |
||